000 00511nam a2200193Ia 4500
005 20250508163636.0
008 008 250505s9999 xx 000 0 eng d
037 _aTextual
040 _aFEDL
_beng
_cFEDL
041 _aeng
_2eng
084 _a657, LEL
_qFEDL
100 _aLele R K
245 0 _aAccounting theory
260 _aBombay, India
_bHimalaya Publishing House
_c1996
300 _a407p
700 _a Jawahar Lal
_9775863
942 _cTEXL
_h657, LEL
999 _c1384489
_d1384489